000 00654nam a22001817a 4500
005 20180803165522.0
008 131205b xxu||||| |||| 00| 0 spa d
041 _aspa
044 _ack
090 _aIAVH
_b01583
100 1 _aMárquez-Reyes, César
_93310
245 1 0 _aEspecies de aves rapaces diurnas presentes en las cuchillas Buenavista y San Agustín :
_bTextos e ilustraciones
_cCésar Márquez-Reyes
260 _as.l.
_bInstituto de Investigación de Recursos Biológicos Alexander von Humboldt
_bCorpochivor
_cs.f.
300 _a26 p
_bil.
_c28 cm.
650 _aAves
_992429
650 _aAves rapaces
_xclasificación
_93311
942 _2z
_cImpreso
999 _c8019
_d8019